| 000 | 00819nam a2200241 a 4500 | ||
|---|---|---|---|
| 003 | MX-MxUPN | ||
| 005 | 20250620101939.0 | ||
| 008 | 991125s1935 fr 000 0 fre u | ||
| 035 | _aUPN01000003005 | ||
| 040 |
_aMX-MxUPN _bspa _cMX-MxUPN |
||
| 041 | 0 | _aspa | |
| 050 | 1 | 4 |
_aLC4601 _bP4.2 |
| 100 | 1 |
_aPhilippe, Jean _952698 |
|
| 100 | 1 |
_aPaul-Boncour, G. _952699 |
|
| 245 | 1 | 0 |
_aAnomalies mentales chez les écoliers : _bétude médico-pédagogique |
| 260 |
_aParís : _bF. Alcan, _c1935. |
||
| 300 | _a140 páginas, [5] hojas de láminas | ||
| 650 | 4 |
_aNiños con discapacidad mental _93820 |
|
| 650 | 4 |
_aPsicopedagogía _95085 |
|
| 700 | 1 |
_aLuna de Ibarra, Luz _951389 _epropietaria anterior |
|
| 710 | 2 |
_aInstituto Nacional de Investigación Educativa (México) _epropietario anterior _928086 |
|
| 942 |
_2lcc _cLIBRO |
||
| 999 |
_c3005 _d3005 |
||